000 00729nam a22002177a 4500
005 20160908115848.0
010 _aENG-115937
020 _a9780670086191
_c499.00
035 _aB-606149-164
035 _aEN-99469
037 _adpl
_bBlueberry/Ven
037 _bDBAD/PUB
082 _aN
100 _aChaudhuri, Amit
245 _aOdysseus abroad/
_cby Amit Chaudhuri
260 _bPenguin Books
_c2014
_aGurgaon
270 _a7th Floor, Infinity Tower C, DLF Cyber City
_bGurgaon
_e122002, Haryana India
300 _a241p.
_c21cm(Hb)
942 _2ddc
_cEN
_hN
_mCHA
999 _c95910
_d95910